Statistics for Logic Test #64

Click here to take the quiz!

General Stats

  • This quiz has been taken 55 times
  • The average score is 7 of 20

Answer Stats

QuestionAnswer% Correct
The answer is BB
82%
The answer is redRed
82%
What is the first word of the Bible?In
52%
Two trains are headed towards each other. Train A is travelling at 50mph and Train B is travelling at 60kph. They start 50 meters apart. What do the passengers on Train A yell?TWO TRAINNZZZ!!!
45%
Which answer is correct?None of the above
41%
Assuming the quiz is completed chronologically, what was the correct answer to question 13?Not enough information
41%
What is 60+60?5!
39%
A triangle has sides of 3 and 4 inches. What is the color of the triangle?Silver
34%
Who is JaVale McGee?A baller
32%
How many inches are in a meter?39.3701
30%
How do you time travel?Move
30%
What is the longest city name in the UK?llanfairpwllgwyngyllgogerychwyrndrobwllllantysiliogogogoch
25%
When was the Eiffel Tower built?sometime
25%
What color is the subject of English?Red
23%
What is the worst book ever written?Counting by 7's
18%
Do you notice a pattern with the previous answers?No I am dumb
18%
What is the temperature?Where?
14%
What does "second" mean?immediately worse than first place
11%
Where do you put a stamp on an envelope?Not enough information
9%
How many minutes roughly should you spend on each question to use all of the quiz time evenly?.35 minutes
5%

Score Distribution

Percentile by Number Answered

Percent of People with Each Score

Your Score History

You have not taken this quiz